• 首页
  • 本馆介绍
  • 公告通知
  • 最新文献
  • 馆藏检索
  • 电子资源
  • 读者导购
  • 参考咨询
  • 我的图书馆
  • 登录
  • 详细信息显示
  • 放入我的书架
  • 预约/预借图书
  • 作者相关作品
  • 分类相关作品
  • 丛书相关作品
  • 出版社相关作品

书目信息

  • 表格格式
  • 工作单格式
  • 卡片格式
题名:
德汉口语手册
    
 
作者: 刘芳本 著
分册:  
出版信息: 北京   外语教学与研究出版社  1981
页数: 27,488页
开本: 21cm
丛书名:
单 册:
中图分类: H339.9-62
科图分类:
主题词: 德语--口语--手册
电子资源:
ISBN: 7-5600-0080-0
000 01058nam0 2200277 45
001 012000028858
005 20070805101647.01
009 012000028858
010    @a7-5600-0080-0@dCNY18.90
035    @a(011001)c2000006482
100    @a20000701e20021981em y0chiy0120 ea
101 0  @achi@ager
102    @aCN@b110000
105    @ay z 000yy
106    @ar
200 1  @a德汉口语手册@Ade han kou yu shou ce@f刘芳本著@Fliu fang ben zhu
210    @a北京@c外语教学与研究出版社@d1981@h2002重印
215    @a27,488页@d21cm
314    @a刘芳本(女),北京外国语大学教授,国际日尔曼语文协会成员,欧美同学会理事兼留德分会副会长,主要著作有《德语情态小品词研究》、《祝你走运——赴德口语必读》等。
330    @a本书以原联邦德国社会生活概况为主要内容、情景会话为语言形式,包含实际生活中经常反复出现的的大量口语句型、说话意向、情景以及许多表达方法。
510 1  @aKonversationsbuch Deutsch-Chinesisch@zger
606 0  @a德语@x口语@j手册
690    @aH339.9-62@v4
701  0 @a刘芳本@Aliu fang ben@4著
801  0 @aCN@bNLC@c20070805
905    @dH339.9-62@e228@f3
    
    德汉口语手册/刘芳本著.-北京:外语教学与研究出版社,1981(2002重印)
    27,488页;21cm
    
    
    ISBN 7-5600-0080-0:CNY18.90
    本书以原联邦德国社会生活概况为主要内容、情景会话为语言形式,包含实际生活中经常反复出现的的大量口语句型、说话意向、情景以及许多表达方法。
●
相关链接 在E读中查询图书 在五车中查询图书 在当当中查询图书 在豆瓣中查询图书


正题名:德汉口语手册     索取号:H339.9-62/228         预约/预借

序号 登录号 条形码 馆藏地/架位号 状态 备注
1 0852117   208521170   第二样本阅览室/ [索取号:H339.9-62/228] 在馆    
2 0852118   208521189   第四借阅区/ [索取号:H339.9-62/228] 在馆    
3 0852119   208521198   第四借阅区/ [索取号:H339.9-62/228] 在馆    
唐山师范学院图书馆 欢迎您!
大连网信软件有限公司© 版权所有